000 00293nam a2200133Ia 4500
100 _aMahrotri/M
942 _cRB
654 _aMulti Color Grill Design
245 _aMulti Color Grill Design
260 _bOLiver Press
_aBombay
_c1986
082 _a739.4
300 _a240
546 _aENGLISH
999 _c26670
_d26670